Gravity sanitary sewer design and construction / (Record no. 1695)
[ view plain ]
| 000 -LEADER | |
|---|---|
| fixed length control field | 00838 a2200133 4500 |
| 020 ## - INTERNATIONAL STANDARD BOOK NUMBER | |
| International Standard Book Number | 9780784409008 (pbk.) |
| 020 ## - INTERNATIONAL STANDARD BOOK NUMBER | |
| International Standard Book Number | 0784409005 (pbk.) |
| 082 ## - DEWEY DECIMAL CLASSIFICATION NUMBER | |
| Classification number | 628.2 BIZ |
| 245 ## - TITLE STATEMENT | |
| Title | Gravity sanitary sewer design and construction / |
| Statement of responsibility, etc. | prepared by a joint task force of the Environmental and Water Resources Institute and the Pipeline Division Committee on Pipeline Planning of the American Society of Civil Engineers and the Collection Systems Subcommittee of the Technical Practice Committee of the Water Environment Federation ; edited by Paul Bizier. |
| 250 ## - EDITION STATEMENT | |
| Edition statement | 2nd ed. |
| 260 ## - PUBLICATION, DISTRIBUTION, ETC. | |
| Place of publication, distribution, etc. | Reston, Va. : |
| Name of publisher, distributor, etc. | American Society of Civil Engineers : |
| -- | Environmental & Water Resources Institute ; |
| Place of publication, distribution, etc. | [Alexandria, VA] : |
| Name of publisher, distributor, etc. | Water Environment Federation, |
| Date of publication, distribution, etc. | 2007. |
| 300 ## - PHYSICAL DESCRIPTION | |
| Extent | xiii, 422 p. : |
| Other physical details | ill. ; |
| Dimensions | 23 cm. |
| 650 ## - SUBJECT ADDED ENTRY--TOPICAL TERM | |
| Topical term or geographic name entry element | Sewerage |
| General subdivision | Design and construction. |
| 830 #0 - SERIES ADDED ENTRY--UNIFORM TITLE | |
| Uniform title | Manual of practice. |
| Withdrawn status | Lost status | Damaged status | Not for loan | Permanent Location | Current Location | Shelving location | Date acquired | Total Checkouts | Full call number | Barcode | Date last seen | Price effective from | Koha item type |
|---|---|---|---|---|---|---|---|---|---|---|---|---|---|
| School of Civil and Environmental Engineering (SCEE) | School of Civil and Environmental Engineering (SCEE) | 628.2 BIZ | NIT-4316 | 01/05/2017 | 01/05/2017 | Book | |||||||
| School of Civil and Environmental Engineering (SCEE) | School of Civil and Environmental Engineering (SCEE) | NIT-4335 | 01/05/2017 | 01/05/2017 | Book |
